Los griegos /

Guardado en:
Autor Principal: Kitto, H. D. F.
Formato: Libro
Publicado: Buenos Aires : Eudeba, 1966
Edición:3a. ed.
Materias:
Etiquetas: Agregar Etiqueta
Sin Etiquetas, Sea el primero en etiquetar este registro!
LEADER 00879nam a22002175a 4500
001 CEM.cems003597
005 20100217131411.0
008 130507s1966##################000#0#####d
003 CEMS
082 0 4 |a 938 
100 1 |a Kitto, H. D. F. 
245 1 0 |a Los griegos /  |c H. D. F. Kitto 
250 |a 3a. ed. 
260 |a Buenos Aires :  |b Eudeba,  |c 1966 
300 |a 357 p. 
505 0 |a La formación del pueblo griego -- El país -- Homero -- La pólis -- La Grecia clásica: el período primitivo -- La Grecia clásica: el siglo quinto -- Los griegos en la guerra -- La decadencia de la pólis -- La mente griega -- Mito y religión -- Vida y carácter 
653 |a Historia 
653 |a Historia antigua y medieval 
653 |a Historia de grecia 
859 |a CEMS  |b BIB. CEMS - 11 de abril  |h 938  |i K656a3  |p 3445.75  |t Ej.1 
859 |a CEMS  |b BIB. CEMS - 11 de abril  |h 938  |i K656a3  |p 3446.75  |t Ej.2